Statistics for Eu4 flag quiz

Click here to take the quiz!

General Stats

  • This quiz has been taken 145 times
  • The average score is 16 of 22

Answer Stats

Answer% Correct
France
99%
Austria
98%
England
97%
Ming
92%
Bohemia
88%
Morocco
88%
Ireland
87%
Italy
86%
Japan
86%
Mamluks
84%
Burgundy
80%
Great Horde
75%
Mali
74%
Novgorod
73%
Bengal
66%
Aztec
62%
Malacca
62%
Congo
53%
Bahmanis
50%
Malaya
43%
Saluzzo
34%
Ormond
25%

Score Distribution

Percentile by Number Answered

Percent of People with Each Score

Your Score History

You have not taken this quiz